How to excel in examinations (Record no. 977)

MARC details
000 -LEADER
fixed length control field 00717 a2200193 4500
008 - FIXED-LENGTH DATA ELEMENTS--GENERAL INFORMATION
fixed length control field 080821t xxu||||| |||| 00| 0 eng d
010 ## - LIBRARY OF CONGRESS CONTROL NUMBER
LC control number ENG-85063
020 ## - INTERNATIONAL STANDARD BOOK NUMBER
International Standard Book Number 8184300255
Terms of availability 250.00
035 ## - SYSTEM CONTROL NUMBER
System control number EN-68596
037 ## - SOURCE OF ACQUISITION
Source of stock number/acquisition D.B.Act / Pub
082 ## - DEWEY DECIMAL CLASSIFICATION NUMBER
Classification number 371.271
100 ## - MAIN ENTRY--PERSONAL NAME
Personal name Jain, Subhash
245 ## - TITLE STATEMENT
Title How to excel in examinations
Statement of responsibility, etc by Subhash Jain
260 ## - PUBLICATION, DISTRIBUTION, ETC. (IMPRINT)
Place of publication, distribution, etc New Delhi
Name of publisher, distributor, etc Ocean Books
Date of publication, distribution, etc 2006
270 ## - ADDRESS
Address 4/19, Asaf Ali Road,
City New Delhi
State or province Delhi
Postal code 110002
300 ## - PHYSICAL DESCRIPTION
Extent 200 p.
Dimensions 22 cm. (Hb)
942 ## - ADDED ENTRY ELEMENTS (KOHA)
Institution code [OBSOLETE] dpl
Koha item type English Books
Call number prefix 371.271 / JAI
Source of classification or shelving scheme Dewey Decimal Classification
Classification part 371.271
Call number suffix JAI
Holdings
Withdrawn status Lost status Damaged status Not for loan Home library Current library Date acquired Cost, normal purchase price Total Checkouts Full call number Barcode Date last seen Copy number Uniform Resource Identifier Cost, replacement price Price effective from Koha item type
        D.B.Act.Division D.B.Act.Division 21/08/2008 250.00   371.271 JAI EN-68596 15/09/2008 1 1041 250.00 15/09/2008 English Books

© Delhi Public Library
Hit Counter
free hit counter